000 00957cam a2200265 a 4500
999 _c21846
_d21846
001 16406234
005 20170123095307.0
008 100813s2010 paua 000 0 eng
010 _a 2010934908
020 _a9780764335600 (hardcover)
042 _apcc
043 _ae-it---
050 0 0 _aNK8252.A1I84 2010
245 0 0 _aItalian ironwork :
_bmedieval, renaissance, baroque, neo-classical /
_cGiulio Ferrari, editor.
260 _aAtglen, Pa. :
_bSchiffer Pub.,
_cc2010.
300 _a110 p. :
_bchiefly ill. ;
_c29 cm.
650 0 _aIronwork
_zItaly
_vPictorial works.
650 0 _aArchitectural ironwork
_zItaly
_vPictorial works.
650 0 _aArt metal-work
_zItaly
_vPictorial works.
700 1 _aFerrari, Giulio,
_d1858-1934.
942 _2lcc
_cBOOKS
_hNK8252.A1I84 2010